000 00833nam a22002057a 4500
999 _c20688
_d20688
003 AR-CdUCM
008 190604b ||||| |||| 00| spa d
040 _aMUNICIPALIDAD PROVINCIAL DEL CUSCO
_cBIBLIOTECA MUNICIPAL DEL CUSCO
082 _a800 /
_bM16
100 _aMaguiña Cueva,Teofilo
_943235
245 _aMuy cerca del cielo /
260 _aLima :
_bIberia,
_c1963.
300 _a63 páginas ;
_bIlustraciones,
_c22 cm.
500 _a[libro reempastado]
505 _aContenido: Cuentos infantiles -- Muy cerca del cielo -- La montaña encantada -- El viaje -- Cabeza de aserrín -- ¡Milagro! -- La vida es como el agua -- Andino y los pumas -- Los caminos del mundo -- La historia del dia -- Navidad en los andes.
650 _aCuentos infantiles
_93927
650 _aCuentos
_9217
942 _2ddc
_cLIBROS
945 _aAndy